[Event "Olympiad-43"]
[Site "Batumi"]
[Date "2018.09.26"]
[Round "3.51"]
[White "Gonzalez Acosta, Bernal Manuel"]
[Black "Ortiz Q, Johnny Alexander"]
[Result "1-0"]
[WhiteElo "2452"]
[BlackElo "2207"]
[PlyCount "97"]
[EventDate "2018.09.24"]
[EventType "team-swiss"]
[EventRounds "11"]
[EventCountry "GEO"]
[SourceTitle "CBM 187"]
[Source "ChessBase"]
[SourceDate "2018.12.11"]
[SourceVersion "1"]
[SourceVersionDate "2018.12.11"]
[SourceQuality "1"]
[WhiteTeam "Costa Rica"]
[BlackTeam "Guatemala"]
[WhiteTeamCountry "CRI"]
[BlackTeamCountry "GUA"]

1. d4 d5 2. c4 e6 3. Nf3 Nf6 4. g3 Be7 5. Bg2 0-0 6. 0-0 dxc4 7. Qc2 a6 8. a4 Bd7 9. Qxc4 Bc6 10. Bf4 Nbd7 11. Nc3 Nb6 12. Qb3 Nbd5 13. Bc1 Nxc3 14. bxc3 b5 15. Bg5 Bd5 16. Qb2 c6 17. Ne5 Bxg2 18. Kxg2 c5 19. f3 cxd4 20. cxd4 Qd5 21. Rfc1 Qb7 22. Nc6 h6 23. Bd2 Bd6 24. e4 Bc7 25. Rab1 Ne8 26. Rc2 Nd6 27. Bf4 g5 28. Be5 f6 29. Bxd6 Bxd6 30. axb5 axb5 31. Qxb5 Qxb5 32. Rxb5 Rfc8 33. Rb7 Kf8 34. Rd7 Ba3 35. d5 Ra6 36. Ra2 Rca8 37. Nd4 exd5 38. exd5 Bd6 39. Rxa6 Rxa6 40. Nf5 Be5 41. Nxh6 Ke8 42. Rb7 Ra5 43. h4 Rxd5 44. h5 Rd2+ 45. Kh3 Rd3 46. Nf5 Kf8 47. h6 Kg8 48. Rg7+ Kh8 49. Ne7 1-0

[Event "San Jose subzonal 2.3c"]
[Site "San Jose"]
[Date "2018.03.25"]
[Round "2"]
[White "Gonzalez Acosta, Bernal Manuel"]
[Black "Picado, Jorge Luis"]
[Result "1-0"]
[WhiteElo "2463"]
[BlackElo "2131"]
[PlyCount "56"]
[EventDate "2018.03.25"]
[EventType "swiss"]
[EventRounds "9"]
[EventCountry "CRI"]
[SourceTitle "EXT 2019"]
[Source "ChessBase"]
[SourceDate "2018.10.10"]
[SourceVersion "1"]
[SourceVersionDate "2018.10.10"]
[SourceQuality "1"]

1. d4 c5 2. d5 e5 3. e4 d6 4. Nc3 a6 5. a4 Be7 6. Nf3 b6 7. g3 Nf6 8. Bg2 0-0 9. 0-0 Ne8 10. Ne1 Nc7 11. f4 Nd7 12. Nf3 Rb8 13. fxe5 Nxe5 14. Nxe5 dxe5 15. Be3 Qd6 16. Qd2 Bd7 17. b3 b5 18. axb5 axb5 19. Rfb1 Ra8 20. Nd1 b4 21. Nb2 Nb5 22. Nc4 Qc7 23. Qe1 h6 24. Rxa8 Rxa8 25. Ra1 Na3 26. Qf2 Rc8 27. Nxa3 Ra8 28. Rf1 Rc8 1-0

[Event "Sabadell op-A 10th"]
[Site "Sabadell"]
[Date "2017.09.08"]
[Round "8"]
[White "Gonzalez Acosta, Bernal Manuel"]
[Black "Gonzalez Garcia, Jose"]
[Result "1/2-1/2"]
[WhiteElo "2467"]
[BlackElo "2505"]
[PlyCount "24"]
[EventDate "2017.09.01"]
[EventType "swiss"]
[EventRounds "9"]
[EventCountry "ESP"]
[SourceTitle "CBM 180 Extra"]
[Source "ChessBase"]
[SourceDate "2017.10.06"]
[SourceVersion "1"]
[SourceVersionDate "2017.10.06"]
[SourceQuality "1"]

1. c4 c5 2. Nf3 g6 3. g3 Bg7 4. Bg2 Nc6 5. 0-0 e6 6. Nc3 Nge7 7. d4 cxd4 8. Nb5 0-0 9. Nbxd4 d5 10. cxd5 Nxd5 11. Nxc6 bxc6 12. Qa4 Qb6 1/2-1/2

[Event "Sabadell op-A 10th"]
[Site "Sabadell"]
[Date "2017.09.04"]
[Round "4"]
[White "Perpinya Rofes, Lluis Maria"]
[Black "Gonzalez Acosta, Bernal Manuel"]
[Result "1-0"]
[WhiteElo "2384"]
[BlackElo "2467"]
[PlyCount "103"]
[EventDate "2017.09.01"]
[EventType "swiss"]
[EventRounds "9"]
[EventCountry "ESP"]
[SourceTitle "CBM 180 Extra"]
[Source "ChessBase"]
[SourceDate "2017.10.06"]
[SourceVersion "1"]
[SourceVersionDate "2017.10.06"]
[SourceQuality "1"]

1. e4 c6 2. d4 d5 3. Nc3 dxe4 4. Nxe4 Nd7 5. Ng5 Ngf6 6. Bd3 e6 7. N1f3 Bd6 8. Qe2 h6 9. Ne4 Nxe4 10. Qxe4 Nf6 11. Qe2 Qc7 12. Bd2 c5 13. dxc5 Qxc5 14. Bc3 Bd7 15. Ne5 Nd5 16. Qh5 Bxe5 17. Qxe5 f6 18. Qh5+ Ke7 19. 0-0 Be8 20. Qf3 Bc6 21. Bd2 g5 22. Rfe1 e5 23. Be4 Rad8 24. Rad1 Kf7 25. Qh5+ Kf8 26. Be3 Qe7 27. Bxd5 Rxd5 28. Rxd5 Bxd5 29. Bxa7 Kg7 30. Be3 Qb4 31. Qd1 Rd8 32. c3 Qa5 33. Qe2 Qxa2 34. h4 Qa4 35. b4 Qc6 36. Qg4 Be6 37. Qg3 Rd3 38. hxg5 hxg5 39. Rc1 Rxc3 40. Rxc3 Qxc3 41. b5 Kg6 42. Qf3 Qc8 43. Qe4+ Bf5 44. Qd5 Be6 45. Qd6 Qc4 46. Qe7 Qd5 47. f3 e4 48. Qe8+ Kf5 49. g4+ Ke5 50. Qb8+ Qd6 51. Bd4+ Kd5 52. fxe4+ 1-0

[Event "Sabadell op-A 10th"]
[Site "Sabadell"]
[Date "2017.09.01"]
[Round "1"]
[White "Gonzalez Acosta, Bernal Manuel"]
[Black "Vergara Jofre, Felipe Andres"]
[Result "1-0"]
[WhiteElo "2467"]
[BlackElo "2167"]
[PlyCount "81"]
[EventDate "2017.09.01"]
[EventType "swiss"]
[EventRounds "9"]
[EventCountry "ESP"]
[SourceTitle "CBM 180 Extra"]
[Source "ChessBase"]
[SourceDate "2017.10.06"]
[SourceVersion "1"]
[SourceVersionDate "2017.10.06"]
[SourceQuality "1"]

1. d4 Nf6 2. c4 e6 3. g3 Bb4+ 4. Bd2 a5 5. Bg2 d6 6. Nf3 Nbd7 7. 0-0 e5 8. Bg5 exd4 9. Nxd4 0-0 10. Qc2 h6 11. Bc1 Bc5 12. Rd1 a4 13. Nc3 Nb6 14. Rb1 Qe7 15. b3 Qe5 16. Bf4 Qh5 17. b4 Bxd4 18. Rxd4 c5 19. Rxd6 Nxc4 20. Rxf6 Na3 21. Qb2 Nxb1 22. Nd5 Re8 23. Bf3 Bg4 24. Rxh6 Qf5 25. Bxg4 Qxd5 26. Rd6 Qe4 27. bxc5 a3 28. Qc1 Ra4 29. Rb6 g5 30. Bf3 Qc4 31. Qxb1 gxf4 32. Rxb7 Qxc5 33. Qb3 Rc4 34. Kg2 Re6 35. Rb5 Qd4 36. Qxa3 Rg6 37. Rb8+ Kh7 38. Qf8 Rc7 39. Rb4 Qe5 40. Be4 f5 41. Qxf5 1-0

[Event "Barcelona Sants op 19th"]
[Site "Barcelona"]
[Date "2017.08.27"]
[Round "10"]
[White "Lemeaux, David"]
[Black "Gonzalez Acosta, Bernal Manuel"]
[Result "0-1"]
[WhiteElo "2339"]
[BlackElo "2467"]
[PlyCount "96"]
[EventDate "2017.08.18"]
[EventType "swiss"]
[EventRounds "10"]
[EventCountry "ESP"]
[SourceTitle "CBM 180 Extra"]
[Source "ChessBase"]
[SourceDate "2017.10.06"]
[SourceVersion "1"]
[SourceVersionDate "2017.10.06"]
[SourceQuality "1"]

1. d4 d5 2. c4 c6 3. Nf3 Nf6 4. e3 a6 5. Be2 Bf5 6. 0-0 e6 7. Nh4 Be4 8. Nc3 h6 9. Nxe4 dxe4 10. g3 Be7 11. Qb3 Qc7 12. Bd2 0-0 13. f4 exf3 14. Bxf3 Nbd7 15. Rad1 Nh7 16. Bg2 Bxh4 17. gxh4 e5 18. Be1 Nhf6 19. Qc2 exd4 20. Bg3 Qa5 21. exd4 Ng4 22. Qb3 Qb6 23. Qc3 Rfe8 24. Rde1 a5 25. b3 a4 26. b4 a3 27. h3 Ngf6 28. Bf2 Qa6 29. Rxe8+ Rxe8 30. Re1 Rxe1+ 31. Bxe1 Qa4 32. Bf3 Qa7 33. Bf2 Qa6 34. Qd3 b5 35. cxb5 cxb5 36. Be2 Qe6 37. d5 Nxd5 38. Bg4 Qc6 39. Qxa3 Ne5 40. Bd1 Nf4 41. Qg3 Qc1 42. Kh2 Ned3 43. Qf3 Qd2 44. Kg3 Nh5+ 45. Kg2 Nxf2 46. Qa8+ Kh7 47. Bxh5 Ng4+ 48. Kf3 Qf2+ 0-1

[Event "Barcelona Sants op 19th"]
[Site "Barcelona"]
[Date "2017.08.22"]
[Round "5"]
[White "Gonzalez Acosta, Bernal Manuel"]
[Black "Jimenez Garcia, Emanuel"]
[Result "1/2-1/2"]
[WhiteElo "2467"]
[BlackElo "2219"]
[PlyCount "44"]
[EventDate "2017.08.18"]
[EventType "swiss"]
[EventRounds "10"]
[EventCountry "ESP"]
[SourceTitle "CBM 180 Extra"]
[Source "ChessBase"]
[SourceDate "2017.10.06"]
[SourceVersion "1"]
[SourceVersionDate "2017.10.06"]
[SourceQuality "1"]

1. c4 c5 2. Nc3 Nf6 3. g3 Nc6 4. Bg2 g6 5. Nf3 Bg7 6. 0-0 0-0 7. d4 cxd4 8. Nxd4 Nxd4 9. Qxd4 d6 10. Qd2 Be6 11. b3 d5 12. Nxd5 Nxd5 13. cxd5 Bxa1 14. dxe6 fxe6 15. Bxb7 Qxd2 16. Bxd2 Rae8 17. Bf4 Bb2 18. Be4 Rf7 19. Bh6 Bg7 20. Be3 Be5 21. Bh6 Bg7 22. Be3 Be5 1/2-1/2

[Event "American Continental 13th"]
[Site "Medellin"]
[Date "2017.06.11"]
[Round "3"]
[White "Blandon Villa, Diego F"]
[Black "Gonzalez Acosta, Bernal Manuel"]
[Result "0-1"]
[WhiteElo "2220"]
[BlackElo "2494"]
[PlyCount "70"]
[EventDate "2017.06.10"]
[EventType "swiss"]
[EventRounds "11"]
[EventCountry "COL"]
[SourceTitle "CBM 178 Extra"]
[Source "ChessBase"]
[SourceDate "2017.06.22"]
[SourceVersion "1"]
[SourceVersionDate "2017.06.22"]
[SourceQuality "1"]

1. e4 c5 2. Nf3 Nc6 3. d4 cxd4 4. Nxd4 g6 5. Nc3 Bg7 6. Be3 Nf6 7. Bc4 0-0 8. Bb3 d6 9. f3 Bd7 10. Qd2 Nxd4 11. Bxd4 b5 12. 0-0 a5 13. a3 Bc6 14. Rfd1 Qc7 15. Kh1 Qb7 16. a4 b4 17. Nd5 Bxd5 18. Bxd5 Nxd5 19. Bxg7 Kxg7 20. Qxd5 Qxd5 21. Rxd5 Rfc8 22. Rc1 Rc4 23. b3 Rc3 24. Rd3 Rac8 25. Rxc3 Rxc3 26. Kg1 h5 27. h4 Kf6 28. Kf2 Ke5 29. Kg3 e6 30. Kf2 f6 31. Ke2 Kf4 32. Kf2 g5 33. g3+ Ke5 34. hxg5 fxg5 35. Ke2 g4 0-1

[Event "San Salvador zt 2.3"]
[Site "San Salvador"]
[Date "2017.05.27"]
[Round "2"]
[White "Gonzalez Acosta, Bernal Manuel"]
[Black "Giron, Jorge Ernesto"]
[Result "1/2-1/2"]
[WhiteElo "2494"]
[BlackElo "2214"]
[PlyCount "97"]
[EventDate "2017.05.26"]
[EventType "swiss"]
[EventRounds "9"]
[EventCountry "ESA"]
[SourceTitle "CBM 178 Extra"]
[Source "ChessBase"]
[SourceDate "2017.06.22"]
[SourceVersion "1"]
[SourceVersionDate "2017.06.22"]
[SourceQuality "1"]

1. c4 e5 2. g3 Nc6 3. Bg2 Bc5 4. e3 a6 5. Ne2 d6 6. Nbc3 Ba7 7. d3 Nge7 8. Rb1 Nf5 9. b4 Nce7 10. 0-0 0-0 11. a4 c6 12. b5 axb5 13. axb5 Be6 14. Qb3 d5 15. Rd1 Re8 16. Ba3 d4 17. b6 Bxb6 18. Bxe7 Rxe7 19. Qxb6 dxc3 20. Nxc3 Rd7 21. Qxd8+ Raxd8 22. Ne4 Nd6 23. Nc5 Re7 24. Rdc1 Bf5 25. h3 h5 26. Rb4 b5 27. cxb5 cxb5 28. g4 hxg4 29. hxg4 Bg6 30. Ne4 f5 31. Ng3 fxg4 32. Bd5+ Nf7 33. Bb3 Kh8 34. Rc6 Ng5 35. Rxg6 Nf3+ 36. Kh1 Rxd3 37. Rgxg4 g5 38. Kg2 e4 39. Bc2 Ne1+ 40. Kf1 Nxc2 41. Rxb5 Rd1+ 42. Ke2 Red7 43. Rxe4 Ne1 44. Rd4 R1xd4 45. exd4 Re7+ 46. Re5 Rxe5+ 47. dxe5 Nc2 48. Kf3 Kg7 49. Kg4 1/2-1/2

[Event "Olympiad-42"]
[Site "Baku"]
[Date "2016.09.09"]
[Round "7.1"]
[White "Atabayev, Maksat"]
[Black "Gonzalez Acosta, Bernal Manuel"]
[Result "1/2-1/2"]
[WhiteElo "2485"]
[BlackElo "2481"]
[PlyCount "71"]
[EventDate "2016.09.02"]
[EventType "team-swiss"]
[EventRounds "11"]
[EventCountry "AZE"]
[SourceTitle "CBM 175"]
[Source "ChessBase"]
[SourceDate "2016.11.10"]
[SourceVersion "1"]
[SourceVersionDate "2016.11.10"]
[SourceQuality "1"]
[WhiteTeam "Turkmenistan"]
[BlackTeam "Costa Rica"]
[WhiteTeamCountry "TKM"]
[BlackTeamCountry "CRI"]

1. e4 c5 2. Nf3 d6 3. c3 Nf6 4. h3 g6 5. Bd3 Bg7 6. 0-0 0-0 7. Bc2 Nc6 8. a3 e5 9. b4 a6 10. d3 h6 11. Be3 b6 12. Nbd2 Nh5 13. Bb3 Rb8 14. Rb1 Nf4 15. d4 cxd4 16. cxd4 g5 17. dxe5 dxe5 18. Nc4 Qxd1 19. Bxd1 b5 20. Nd6 Rd8 21. Nxc8 Rbxc8 22. g3 Ne6 23. h4 Bf6 24. hxg5 Bxg5 25. Nxg5 hxg5 26. Bg4 Ncd4 27. Rfc1 Rc4 28. Rd1 Kg7 29. Kg2 Kf6 30. Bxe6 fxe6 31. Rh1 Kg6 32. Rbd1 Rcc8 33. g4 Ne2 34. Rxd8 Rxd8 35. Ra1 Nf4+ 36. Kg1 1/2-1/2

[Event "Olympiad-42"]
[Site "Baku"]
[Date "2016.09.08"]
[Round "6.2"]
[White "Masrahi, Abdulrahman A"]
[Black "Gonzalez Acosta, Bernal Manuel"]
[Result "0-1"]
[WhiteElo "1900"]
[BlackElo "2481"]
[PlyCount "57"]
[EventDate "2016.09.02"]
[EventType "team-swiss"]
[EventRounds "11"]
[EventCountry "AZE"]
[SourceTitle "CBM 175"]
[Source "ChessBase"]
[SourceDate "2016.11.10"]
[SourceVersion "1"]
[SourceVersionDate "2016.11.10"]
[SourceQuality "1"]
[WhiteTeam "Saudi Arabia"]
[BlackTeam "Costa Rica"]
[WhiteTeamCountry "SAU"]
[BlackTeamCountry "CRI"]

1. d4 Nf6 2. Nf3 g6 3. Bf4 Bg7 4. e3 d6 5. h3 0-0 6. Be2 c5 7. c3 Qb6 8. Qb3 Be6 9. dxc5 Qxc5 10. Qxb7 Nbd7 11. b4 Qb6 12. Qxb6 axb6 13. a4 Nd5 14. Nd4 Rfc8 15. 0-0 Bxd4 16. cxd4 Nxb4 17. Na3 Rxa4 18. Bb5 Ra7 19. Rfb1 Nd5 20. Bh6 f5 21. Bxd7 Bxd7 22. Nc2 Rxa1 23. Nxa1 b5 24. Nb3 b4 25. Nc1 Ba4 26. Nd3 Bc2 27. Nxb4 Bxb1 28. Nxd5 Kf7 29. Bf4 0-1

[Event "Olympiad-42"]
[Site "Baku"]
[Date "2016.09.06"]
[Round "5.2"]
[White "Sulskis, Sarunas"]
[Black "Gonzalez Acosta, Bernal Manuel"]
[Result "1/2-1/2"]
[WhiteElo "2519"]
[BlackElo "2481"]
[PlyCount "138"]
[EventDate "2016.09.02"]
[EventType "team-swiss"]
[EventRounds "11"]
[EventCountry "AZE"]
[SourceTitle "CBM 175"]
[Source "ChessBase"]
[SourceDate "2016.11.10"]
[SourceVersion "1"]
[SourceVersionDate "2016.11.10"]
[SourceQuality "1"]
[WhiteTeam "Lithuania"]
[BlackTeam "Costa Rica"]
[WhiteTeamCountry "LTU"]
[BlackTeamCountry "CRI"]

1. e4 c5 2. Nf3 d6 3. d4 cxd4 4. Nxd4 Nf6 5. Nc3 g6 6. f4 Nc6 7. Nxc6 bxc6 8. e5 Nd7 9. exd6 exd6 10. Be3 Be7 11. Be2 0-0 12. 0-0 d5 13. Kh1 Re8 14. Bf3 Bf6 15. Bd4 Ba6 16. Rg1 Rb8 17. Na4 Rb4 18. c3 Bxd4 19. cxb4 Bxg1 20. Qxg1 Be2 21. Bxe2 Rxe2 22. Qxa7 Nf6 23. Nc3 Rxb2 24. Qd4 Ng4 25. h3 Qh4 26. Nxd5 Re2 27. Rc1 Qg3 28. Ne7+ Rxe7 29. hxg4 Re2 30. Qd8+ Kg7 31. Qd4+ Kg8 32. Qd8+ Kg7 33. Qd4+ Kh6 34. Qg1 Qxg4 35. Qh2+ Kg7 36. a3 Ra2 37. Qh3 Qxh3+ 38. gxh3 Rxa3 39. Kg2 Rb3 40. Rxc6 Rxb4 41. Kg3 Rb3+ 42. Kg2 Rb7 43. Ra6 Kh6 44. f5 Kg5 45. fxg6 hxg6 46. Ra5+ f5 47. Ra6 Rb3 48. Rc6 Rb2+ 49. Kf3 Rb3+ 50. Kg2 f4 51. Rc8 Rg3+ 52. Kh2 Kf5 53. Rc5+ Ke4 54. Rc4+ Ke5 55. Ra4 g5 56. Ra5+ Kf6 57. Ra6+ Kf5 58. Ra5+ Kg6 59. Ra6+ Kh5 60. Ra8 Re3 61. Rh8+ Kg6 62. Kg2 Kf5 63. Ra8 Rg3+ 64. Kh2 Rd3 65. Kg2 Ke4 66. Re8+ Kf5 67. Rf8+ Ke6 68. h4 gxh4 69. Rxf4 h3+ 1/2-1/2

[Event "Barcelona Sants op-A18th"]
[Site "Barcelona"]
[Date "2016.08.24"]
[Round "6"]
[White "Gonzalez Acosta, Bernal Manuel"]
[Black "Mihajlov, Sebastian"]
[Result "1-0"]
[WhiteElo "2478"]
[BlackElo "2356"]
[PlyCount "87"]
[EventDate "2016.08.19"]
[EventType "swiss"]
[EventRounds "10"]
[EventCountry "ESP"]
[SourceTitle "CBM 174 Extra"]
[Source "ChessBase"]
[SourceDate "2016.10.10"]
[SourceVersion "1"]
[SourceVersionDate "2016.10.10"]
[SourceQuality "1"]

1. c4 Nf6 2. g3 g6 3. Bg2 Bg7 4. Nc3 0-0 5. Nf3 d6 6. 0-0 Nc6 7. d3 e5 8. Rb1 a5 9. a3 h6 10. b4 axb4 11. axb4 Be6 12. b5 Na5 13. Nd2 d5 14. cxd5 Nxd5 15. Bb2 Re8 16. Qc1 c6 17. bxc6 Nxc6 18. Nxd5 Bxd5 19. Bxd5 Qxd5 20. Nc4 Ra2 21. Qd1 Nd4 22. e4 Qd7 23. Bxd4 exd4 24. Qb3 Ra7 25. Nb6 Qe6 26. Nd5 Rc8 27. Rfc1 Kh7 28. Kg2 Rc6 29. Rc4 f5 30. Nf4 Qd7 31. exf5 Qxf5 32. h4 Be5 33. Re1 Rxc4 34. Qxc4 b6 35. Ne6 Bg7 36. Re4 b5 37. Qc6 b4 38. Qb6 Ra2 39. Rf4 Qd5+ 40. Rf3 g5 41. Nc7 Qd7 42. h5 Rc2 43. Qg6+ Kh8 44. Ne6 1-0

[Event "CRC-ch"]
[Site "San Jose"]
[Date "2016.07.31"]
[Round "11.2"]
[White "Gonzalez Acosta, Bernal Manuel"]
[Black "Nunez Valverde, Jairo"]
[Result "1-0"]
[WhiteElo "2478"]
[BlackElo "1912"]
[PlyCount "45"]
[EventDate "2016.07.18"]
[EventType "tourn"]
[EventRounds "10"]
[EventCountry "CRI"]
[SourceTitle "EXT 2024"]
[Source "ChessBase"]
[SourceDate "2023.10.10"]
[SourceVersion "1"]
[SourceVersionDate "2023.10.10"]
[SourceQuality "1"]

1. d4 e6 2. e4 b6 3. Nf3 Bb7 4. Bd3 Nf6 5. Qe2 Be7 6. 0-0 d5 7. e5 Ne4 8. Ne1 c5 9. c3 Bg5 10. f4 Bh6 11. Nd2 Nxd2 12. Bxd2 cxd4 13. cxd4 Nc6 14. Nf3 g6 15. g4 Qd7 16. Kh1 0-0-0 17. a4 Rdg8 18. a5 Kc7 19. Rfc1 Kd8 20. axb6 axb6 21. Bb5 Bf8 22. Bxc6 Bxc6 23. Qa6 1-0

[Event "CRC-ch"]
[Site "San Jose"]
[Date "2016.07.24"]
[Round "6.1"]
[White "Carvajal Gorgona, Jonathan G"]
[Black "Gonzalez Acosta, Bernal Manuel"]
[Result "1/2-1/2"]
[WhiteElo "2208"]
[BlackElo "2478"]
[PlyCount "100"]
[EventDate "2016.07.18"]
[EventType "tourn"]
[EventRounds "10"]
[EventCountry "CRI"]
[SourceTitle "EXT 2024"]
[Source "ChessBase"]
[SourceDate "2023.10.10"]
[SourceVersion "1"]
[SourceVersionDate "2023.10.10"]
[SourceQuality "1"]

1. d4 Nf6 2. Nf3 g6 3. Bf4 Bg7 4. e3 d6 5. Be2 0-0 6. h3 c5 7. Nbd2 Nc6 8. c3 cxd4 9. cxd4 e5 10. dxe5 dxe5 11. Bxe5 Nxe5 12. Nxe5 Nd5 13. Nd3 Qe7 14. 0-0 Rd8 15. Qc2 Be6 16. Rac1 a6 17. Rfd1 Rac8 18. Qb1 Bh6 19. Nf1 Bf5 20. Rxc8 Rxc8 21. Bg4 Bxg4 22. hxg4 Qe4 23. Ne1 Qe6 24. Qd3 Nb6 25. Qd6 Qxg4 26. Rd4 Qe6 27. b3 Bf8 28. Qxe6 fxe6 29. Nf3 Be7 30. g4 Nd5 31. Re4 Kf7 32. Ne5+ Kf8 33. Nf3 Rc2 34. a4 Nf6 35. Rf4 Ke8 36. g5 Nd5 37. Re4 Rb2 38. N1d2 Nc7 39. Rc4 Bd8 40. Re4 Bxg5 41. Nxg5 Rxd2 42. Nxe6 Nxe6 43. Rxe6+ Kd7 44. Rf6 Rb2 45. Rf7+ Kc8 46. Rxh7 Rxb3 47. Rg7 Ra3 48. Rxg6 Rxa4 49. f4 Ra2 50. f5 b5 1/2-1/2

[Event "Managua Hurtado Memorial 15th"]
[Site "Managua"]
[Date "2015.12.29"]
[Round "6"]
[White "Gonzalez Acosta, Bernal Manuel"]
[Black "Davila, Carlos"]
[Result "1/2-1/2"]
[WhiteElo "2484"]
[BlackElo "2263"]
[PlyCount "59"]
[EventDate "2015.12.26"]
[EventType "swiss"]
[EventRounds "9"]
[EventCountry "NCA"]
[SourceTitle "CBM 170 Extra"]
[Source "ChessBase"]
[SourceDate "2016.02.25"]
[SourceVersion "1"]
[SourceVersionDate "2016.02.25"]
[SourceQuality "1"]

1. c4 c5 2. g3 Nc6 3. Bg2 g6 4. Nc3 Bg7 5. Rb1 Nh6 6. a3 a5 7. e3 Nf5 8. Nge2 e6 9. Nb5 0-0 10. d4 cxd4 11. e4 Nfe7 12. Nbxd4 Nxd4 13. Nxd4 d5 14. cxd5 exd5 15. exd5 Nxd5 16. 0-0 a4 17. h4 Nb6 18. Nb5 Qxd1 19. Rxd1 Bf5 20. Ra1 Rad8 21. Bg5 Rxd1+ 22. Rxd1 Bxb2 23. Nd6 Be6 24. Be7 Rb8 25. Rb1 Bd4 26. Nxb7 Bd5 27. Nd6 Bb3 28. Nb5 Bg7 29. Bd6 Re8 30. Bc5 1/2-1/2

[Event "Iberoamerican-ch 6th"]
[Site "Bilbao"]
[Date "2015.11.03"]
[Round "9"]
[White "Gonzalez Acosta, Bernal Manuel"]
[Black "Gonzalez Trigal, Jose Luis"]
[Result "1/2-1/2"]
[WhiteElo "2497"]
[BlackElo "2268"]
[PlyCount "129"]
[EventDate "2015.10.26"]
[EventType "swiss"]
[EventRounds "9"]
[EventCountry "ESP"]
[SourceTitle "CBM 169 Extra"]
[Source "ChessBase"]
[SourceDate "2015.12.18"]
[SourceVersion "1"]
[SourceVersionDate "2015.12.18"]
[SourceQuality "1"]

1. e4 c5 2. Nf3 d6 3. c3 Nf6 4. Be2 Nbd7 5. d3 g6 6. 0-0 Bg7 7. Re1 0-0 8. Bf1 b6 9. d4 cxd4 10. cxd4 e5 11. Nc3 Bb7 12. Bg5 h6 13. Bh4 Qe7 14. Qa4 exd4 15. Nxd4 Nc5 16. Qc2 Ne6 17. Nf5 gxf5 18. exf5 Nd4 19. Rxe7 Nxc2 20. Rc1 Bc8 21. Rxc2 Bxf5 22. Rd2 Rfe8 23. Rxe8+ Rxe8 24. f3 d5 25. Bb5 Rd8 26. Ne2 Rc8 27. Nd4 Rc1+ 28. Kf2 Bb1 29. a4 Nh7 30. Nc6 Rc2 31. Rxc2 Bxc2 32. Nxa7 Bxb2 33. Nc6 d4 34. Nb4 Bb3 35. Bd8 Bc3 36. Nd3 Ba5 37. Ne5 Nf8 38. Nc6 Bc3 39. Ne7+ Kh8 40. Nf5 Ne6 41. Bxb6 Bc2 42. a5 Bxa5 43. Bxa5 Bxf5 44. Bd2 Kg7 45. g4 Bc2 46. Bc4 Bb1 47. h4 Bc2 48. h5 Bb1 49. Bb4 Nf4 50. Bd6 Ne6 51. Be5+ f6 52. Bd6 Ng5 53. Bc5 d3 54. Bb4 Bc2 55. Ke3 f5 56. Bc3+ Kf8 57. f4 Ne4 58. Bb4+ Kg7 59. gxf5 d2 60. Bxd2 Nxd2 61. Kxd2 Bxf5 62. Ke3 Kf6 63. Bd3 Bg4 64. Be2 Bf5 65. Bf3 1/2-1/2